000 00650nam a2200229Ia 4500
003 GCL
008 140319s9999 xx 000 0 ara d
040 _aGCL /
_cGCL
082 0 4 _a301.42
_bم د
100 1 _aمصطفى الخشاب
245 1 0 _aدراسات فى الاجتماع العائلى /
_cمصطفى الخشاب
300 _a315
490 _a100 قصة
_v0
650 0 4 _aالاسرة
650 0 4 _aالطلاق
650 0 4 _aالزواج
650 0 4 _aالعلاقات الاسرية
650 0 4 _aالاجتماع، علم
650 0 4 _aالاطفال - رعاية
650 0 4 _aالاسرة- تفكك
942 _2ddc
_cBK
999 _c46009
_d46009